00649nam a2200229Ia 4500003000900000008004100009040001300050040001300063041000800076100001600084245002200100250001200122260001400134260000900148300001100157300001000168490002300178490000800201942000700209999001700216952018600233IT-RoPAU120407s9999 xx 000 0 und d aIT-RoPAU cIT-RoPAU aita aHugo Rahner aMaria e la Chiesa aMilano  aJaca Book c1991 a122 p. c23 cm aGià e non ancora v212 cBK c24762d24762 00102ddc406243_400000000000000_5971aPAULUSbPAULUSd2012-04-11l0o243.4.59r2012-04-11 00:00:00w2012-04-11yBKzInserito da: In data: n.d. fondo: Via A.Severo 56 Progr:25616